000 00543nam a2200193 i 4500
001 146444
003 ES-MaACL
005 20250822050254.0
007 t|
008 070910s1970 sp ||||1| spa d
080 _a796.332(46)(04)
100 1 _aTravieso, Manolo.
_9111259
245 1 0 _aProsas /
_cManolo Travieso.
260 _aBilbao :
_b[s.n.],
_c1970 (
_fImp. Santa C. de Misericordia)
300 _a142 p. :
_bil. ;
_c20 cm.
650 1 7 _aFĂștbol
_2embne
_913019
852 _aES-MaACL
_jC-47009
_bR.76043
999 _c146444
_d146444